Historia de la cruzada española / (Record no. 26628)

MARC details
000 -LEADER
campo de control de longitud fija 01007nam a2200253 i 4500
001 - NÚMERO DE CONTROL
campo de control 26628
003 - IDENTIFICADOR DE NÚMERO DE CONTROL
campo de control ES-MaACL
005 - FECHA Y HORA DE LA ÚLTIMA TRANSACCIÓN
campo de control 20250604062619.0
007 - CAMPO FIJO DE DESCRIPCIÓN FÍSICA--INFORMACIÓN GENERAL
campo de control de longitud fija t|
008 - DATOS DE LONGITUD FIJA--INFORMACIÓN GENERAL
campo de control de longitud fija 030109m19401943sp a |||| |dspa d
245 00 - MENCIÓN DEL TÍTULO
Título Historia de la cruzada española /
Mención de responsabilidad, etc. dirección literaria, Joaquín Arrarás ; dirección artística, Carlos Sáenz de Tejada ; delegado del Estado, Ciriaco Pérez Bustamante.
250 ## - MENCION DE EDICION
Mención de edición 2ª ed.
260 ## - PUBLICACIÓN, DISTRIBUCIÓN, ETC.
Lugar de publicación, distribución, etc. Madrid :
Nombre del editor, distribuidor, etc. [s.n.],
Fecha de publicación, distribución, etc. 1940-1943 (
Lugar de fabricación/manufactura Santander :
Fabricante Aldus)
300 ## - DESCRIPCIÓN FÍSICA
Extensión 8 v. (34 t. en 8 v.) :
Otras características físicas il. ;
Dimensiones 31 cm.
651 #4 - PUNTO DE ACCESO ADICIONAL DE MATERIA--NOMBRE GEOGRÁFICO
Nombre geográfico España-
Subdivisión general Historia-
Subdivisión cronológica 1902-1931, Alfonso XIII
9 (RLIN) 8276
651 #4 - PUNTO DE ACCESO ADICIONAL DE MATERIA--NOMBRE GEOGRÁFICO
Nombre geográfico España-
Subdivisión general Historia-
Subdivisión cronológica 1931-1939, II República.
9 (RLIN) 8283
651 #4 - PUNTO DE ACCESO ADICIONAL DE MATERIA--NOMBRE GEOGRÁFICO
Nombre geográfico España-
Subdivisión general Historia-
Subdivisión cronológica 1936-1939, Guerra civil.
9 (RLIN) 8292
700 1# - ENTRADA AGREGADA--NOMBRE PERSONAL
Nombre de persona Arrarás, Joaquín.
9 (RLIN) 23228
700 1# - ENTRADA AGREGADA--NOMBRE PERSONAL
Nombre de persona Sáenz de Tejada, Carlos,
Fechas asociadas al nombre 1897-1958
9 (RLIN) 141636
700 1# - ENTRADA AGREGADA--NOMBRE PERSONAL
Nombre de persona Pérez-Bustamante, Ciriaco,
Fechas asociadas al nombre 1896-1975
9 (RLIN) 90682
852 ## - LOCALIZACIÓN
Ubicación ES-MaACL
Número de control de estantería Z-56-63
Signatura antigua Olim: B-404-11
942 ## - ELEMENTOS DE ENTRADA SECUNDARIOS (KOHA)
Fuente del sistema de clasificación o colocación Clasificación decimal universal
Holdings
Estatus retirado Estado de pérdida Fuente del sistema de clasificación o colocación Estado de daño No para préstamo Biblioteca de origen Biblioteca actual Ubicación en estantería Fecha de adquisición Total de préstamos Signatura topográfica completa Código de barras Visto por última vez Precio de reemplazo Tipo de ítem Koha
    Clasificación decimal universal     Biblioteca del Ateneo de Madrid Biblioteca del Ateneo de Madrid Depósito 17/01/2008   Z-56-63 1027479 23/02/2023 23/02/2023 Libro impreso